000 00544cam a2200217ua 4500
001 1184
005 20260515113309.0
008 110613n ii |||gr||||Z||||||eng
020 _a81-7663-780-7
040 _cMAIN
082 _a330.01
245 1 0 _aAdvanced economic theory
_cby P.N. Chopra
250 _a10 th ed.
260 _aLudhiana:
_bKalyani,
_c2001.
300 _a767p.:
_bill.;
_c35cm.
653 _aEconomics
653 _aEconomic theory
653 _aAdvanced economic theory
700 1 _aChopra, P.N.,
_eAuthor.
942 _cBK
999 _c1094
_d1094